• 首页
  • 本馆介绍
  • 公告通知
  • 最新文献
  • 馆藏检索
  • 电子资源
  • 读者导购
  • 参考咨询
  • 我的图书馆
  • 登录
  • 详细信息显示
  • 放入我的书架
  • 预约/预借图书
  • 作者相关作品
  • 分类相关作品
  • 丛书相关作品
  • 出版社相关作品

书目信息

  • 表格格式
  • 工作单格式
  • 卡片格式
题名:
恢复生态学导论
    
 
作者: 任海 编著
分册:  
出版信息: 北京   科学出版社  2019
页数: 432页
开本: 24cm
丛书名: 研究生创新教育系列丛书
单 册:
中图分类: Q148
科图分类:
主题词: 生态系生态学
电子资源:
ISBN: 978-7-03-060638-9
000 01100nam 2200277 450
001 012024000346
005 20240924225236.0
010    @a978-7-03-060638-9@dCNY198.00
100    @a20240924d2019 em y0chiy50 ea
101 0  @achi
102    @aCN@b110000
105    @ay z 000yy
106    @ar
200 1  @a恢复生态学导论@Ahui fu sheng tai xue dao lun@f任海等编著
205    @a第3版
210    @a北京@c科学出版社@d2019
215    @a432页@d24cm
225 2  @a研究生创新教育系列丛书
304    @a编著者还有:刘庆、李凌浩、刘占锋等
330    @a本书基于恢复生态学的理论与实践,阐述了恢复生态学概论、恢复生态学的理论基础、退化生态系统、生态系统恢复、各类型退化生态系统(森林、草地、湿地、水体、农田、废弃矿地等)的恢复实践、生物入侵与生态恢复、全球变化与生态恢复、恢复生态学中的人文观、生态系统管理与生态恢复、生态系统健康与生态恢复、生态系统服务与生态恢复、可持续发展等问题。
410  0 @12001 @a研究生创新教育系列丛书
606 0  @a生态系生态学
690    @aQ148@v5
701  0 @a任海@ARen Hai@4编著
801  0 @aCN@bAHXH@c20240924
905    @b214142943@b214142952@b214142961@dQ148@e337@f3
    
    恢复生态学导论/任海等编著.-第3版.-北京:科学出版社,2019
    432页;24cm.-(研究生创新教育系列丛书)
    
    
    ISBN 978-7-03-060638-9:CNY198.00
    本书基于恢复生态学的理论与实践,阐述了恢复生态学概论、恢复生态学的理论基础、退化生态系统、生态系统恢复、各类型退化生态系统(森林、草地、湿地、水体、农田、废弃矿地等)的恢复实践、生物入侵与生态恢复、全球变化与生态恢复、恢复生态学中的人文观、生态系统管理与生态恢复、生态系统健康与生态恢复、生态系统服务与生态恢复、可持续发展等问题。
●
相关链接 在E读中查询图书 在五车中查询图书 在当当中查询图书 在豆瓣中查询图书


正题名:恢复生态学导论     索取号:Q148/337         预约/预借

序号 登录号 条形码 馆藏地/架位号 状态 备注
1 1414294   214142943   第二样本阅览室/ [索取号:Q148/337] 在馆    
2 1414295   214142952   第三借阅区/ [索取号:Q148/337] 在馆    
3 1414296   214142961   第三借阅区/ [索取号:Q148/337] 在馆    
唐山师范学院图书馆 欢迎您!
大连网信软件有限公司© 版权所有